LEADER 02691nam 2200421 n 450 001 996392647303316 005 20221108083539.0 035 $a(CKB)4940000000108137 035 $a(EEBO)2240940980 035 $a(UnM)99862861 035 $a(EXLCZ)994940000000108137 100 $a19930225d1654 uy | 101 0 $aeng 135 $aurbn||||a|bb| 200 00$aJus divinum ministerii evangelici. Or The divine right of the Gospel--ministry$b[electronic resource] $e divided into two parts. The first part containing a justification of the Gospel-ministry in general. The necessity of ordination thereunto by imposition of hands. The unlawfulnesse of private mens assuming to themselves either the office or work of the ministry without a lawfull call and ordination. The second part containing a justification of the present ministers of England, both such as were ordained during the prevalency of episcopacy from the foul aspersion of anti-christianism: and those who have been ordained since its abolition, from the unjust imputation of novelty: proving that a bishop and presbyter are all one in Scripture; and that ordination by presbyters is most agreeable to the Scripture-patern. Together with an appendix, wherein the judgement and practice of antiquity about the whole matter of episcopacy, and especially about the ordination of ministers, is briefly discussed. Published by the Provincial Assembly of London 210 $aLondon, $cPrinted for G. Latham, J. Rothwell, S. Gellibrand, T. Vnderhill, and J. Cranford$d1654 215 $a[24], 192, [8], 149, [1] p 300 $aPartly by Edmund Calamy. 300 $aThe words "the Gospel-ministry .. and ordination." are bracketed together on title page. 300 $aEach part has separate pagination and dated title page, the first with "printed by Abraham Miller" in imprint, the second with "printed by J.L.". Part 2 begins on 2A1. 300 $aAnnotation on Thomason copy: "Febr. 7. 1653"; the 4 in the imprint date has been crossed out. 300 $aReproduction of the original in the British Library. 330 $aeebo-0018 606 $aPastoral theology$vEarly works to 1800 606 $aOrdination$vEarly works to 1800 606 $aClergy$xBiblical teaching$vEarly works to 1800 615 0$aPastoral theology 615 0$aOrdination 615 0$aClergy$xBiblical teaching 701 $aCalamy$b Edmund$f1600-1666.$01002065 801 0$bCu-RivES 801 1$bCu-RivES 801 2$bCStRLIN 801 2$bWaOLN 906 $aBOOK 912 $a996392647303316 996 $aJus divinum ministerii evangelici. Or The divine right of the Gospel--ministry$92312510 997 $aUNISA